000 01187cam a22002651i 4500
003 SA-RiAUC
005 20251005111843.0
008 251001s1988 jo g 00000 ara c
040 _aSA-RiAUC
_bara
_cSA-RiAUC
_erda
082 0 4 _a230
090 _a230
_bا ب ن م
100 1 _aابن الملقن، عمر بن علي بن أحمد،
_d723-804 هجري
_eمؤلف.
245 1 2 _aالتذكرة في علوم الحديث /
_cتصنيف عمر بن علي بن النحوي المعروف بابن الملقن ؛ قدم لها وضبط نصها وعلق عليها علي حسن علي عبد الحميد.
264 1 _aعمان، الأردن :
_bدار عمار للنشر والتوزيع،
_c1988
264 2 _aعمان، الأردن :
_bتوزيع دار أسامة
300 _a32 صفحة ؛
_c21 سم
336 _aنص
_btxt
_2rdacontent
_3كتاب
337 _aبدون وسيط
_bn
_2rdamedia
338 _aمجلد
_bnc
_2rdacarrier
650 7 _aعلم الحديث
_2aucsh
650 7 _aدين
_2aucsh
700 1 _aالأثري، علي بن حسن بن علي،
_d1960-2020
_eمقدم.
942 _2ddc
_cBOOK
_n0
949 _aSA-JeALM
_d251001
_umohamedma123
_n1
999 _c12367
_d12367